Vplyv trhu na určovanie cien poistného produktu
Možnosti určovania ceny poistného produktu na trhu najprv pomocou elasticity a potom cez stratégiu závislú od správania sa poistenca a konkurenčných poisťovní. Cenová stratégia dvoch poisťovní pri poistení trvajúcom viac rokov.
Guardado en:
| Autor principal: | |
|---|---|
| Otros Autores: | |
| Formato: | Capítulo de libro |
| Lenguaje: | eslovaco |
| Materias: | |
| Etiquetas: |
Sin Etiquetas, Sea el primero en etiquetar este registro!
|
MARC
| LEADER | 00000nla a2200000 4500 | ||
|---|---|---|---|
| 001 | 0237643 | ||
| 005 | 20240502073836.1 | ||
| 041 | 0 | |a slo | |
| 044 | |a SK | ||
| 245 | 1 | 0 | |a Vplyv trhu na určovanie cien poistného produktu |c Anna Strešňáková, Mária Bilíková |
| 520 | |a Možnosti určovania ceny poistného produktu na trhu najprv pomocou elasticity a potom cez stratégiu závislú od správania sa poistenca a konkurenčných poisťovní. Cenová stratégia dvoch poisťovní pri poistení trvajúcom viac rokov. | ||
| 610 | 2 | 0 | |a matematika poistná |
| 610 | 2 | 0 | |a produkty |
| 610 | 2 | 0 | |a ceny |
| 610 | 2 | 0 | |a poisťovníctvo |
| 610 | 2 | 0 | |a pružnosť cenová |
| 100 | 1 | |a Strešňáková, Anna, 1976- | |
| 700 | 1 | |a Bilíková, Mária, 1951- | |